00490nam a2200181 a 450000100060000000300080000600500170001400800410003103500190007204000320009104100080012308200290013110000150016024500460017526000290022130000270025061000310027749565BD-RjUL20211209054709.0160821s1966 enka 000 0 eng d a(BD-RjUL)49684 aDLCcIGAdEQOdBD-RjULbeng aeng a359.140942223bMAD 1966 aMay, W. E.14aThe dress of naval officers /c W. E. May aLondon :bH.M.S.O,c1966 a44 p. :bill ;c25 cm.10aGreat Britain.bRoyal Navy